| 000 | 00856nac a22002411u 4500 | ||
|---|---|---|---|
| 010 | _a 92009921 | ||
| 020 | _a0393963071 (text) | ||
| 020 | _a0393963608 (IBM 5 1/4" disk and text) | ||
| 020 | _a0393963616 (IBM 3 1/2" disk and text) | ||
| 020 | _a0393963624 (Macintosh disk and text) | ||
| 082 | 0 | 0 |
_a339 _bH1741 |
| 090 |
_c4588 _d4588 |
||
| 100 | _aHall, Robert Ernest, | ||
| 245 | 1 | 0 |
_aMacroeconomics / _cRobert E. Hall, John B. Taylor. |
| 250 | _a4th ed. | ||
| 260 |
_aNew York : _bW.W. Norton,c1993. _cc1993. |
||
| 300 |
_axxvi, 637 p. : _bill. (some col.) ; _c25 cm. |
||
| 504 | _aIncludes bibliographical references and index. | ||
| 650 | 0 | _aMacroeconomics. | |
| 700 | 1 | _aTaylor, John B. | |
| 942 |
_cBB _k339H1741 |
||
| 999 |
_c4588 _d4588 |
||